Giáo trình tội phạm học

Nội dung tài liệu trình bày khái niệm và nhiệm vụ của tội phạm học. Quá trình hình thành, phát triển và phương pháp nghiên cứu của tội phạm học. Tình hình tội phạm, nguyên nhân của tội phạm, thân nhân người phạm tội, nạn nhân của tội phạ...

Descrición completa

Gardado en:
Detalles Bibliográficos
Autor Principal: Lê, Thị Sơn
Formato: Libro
Idioma:Undetermined
Publicado: Hà Nội Công an Nhân dân 2015
Những chủ đề:
Các nhãn: Engadir etiqueta
Sen Etiquetas, Sexa o primeiro en etiquetar este rexistro!
Thư viện lưu trữ: Trung tâm Học liệu Trường Đại học Cần Thơ
LEADER 00986nam a2200205Ia 4500
001 CTU_203144
008 210402s9999 xx 000 0 und d
020 |c 29000 
082 |a 364 
082 |b S464 
100 |a Lê, Thị Sơn 
245 0 |a Giáo trình tội phạm học 
245 0 |c Lê Thị Sơn (chủ biên) 
260 |a Hà Nội 
260 |b Công an Nhân dân 
260 |c 2015 
520 |a Nội dung tài liệu trình bày khái niệm và nhiệm vụ của tội phạm học. Quá trình hình thành, phát triển và phương pháp nghiên cứu của tội phạm học. Tình hình tội phạm, nguyên nhân của tội phạm, thân nhân người phạm tội, nạn nhân của tội phạm và các hoạt động phòng ngừa tội phạm 
650 |a Criminology,Tội phạm học 
904 |i Bằng 
980 |a Trung tâm Học liệu Trường Đại học Cần Thơ